000 00421nam a2200169Ia 4500
100 _aModule G2
650 _aElectrical Engineering
490 _vII
942 _cBK
654 _aRotating Electrical Equipment winding &building II
245 _aRotating Electrical Equipment winding &building II
260 _bE.I.T.B
_aEngland
_c1980
082 _a621.3
_bITB
300 _a445
546 _aENGLISH
999 _c25529
_d25529